Izrael - vnútorné a zahraničné súvislosti
Uložené v:
| Hlavný autor: | |
|---|---|
| Korporativný autor: | |
| Médium: | Kniha |
| Jazyk: | Slovak |
| Vydavateľské údaje: |
Bratislava
SPRINT vfra
2001
|
| Predmet: | |
| Tagy: |
Žiadne tagy, Buďte prvý, kto otaguje tento záznam!
|
MARC
| LEADER | 00000nam a2200000 4500 | ||
|---|---|---|---|
| 001 | c123813 | ||
| 005 | 20221108083226.9 | ||
| 020 | |a 80-88848-73-3 | ||
| 041 | 0 | |a slo | |
| 044 | |a SK | ||
| 245 | 1 | 0 | |a Izrael - vnútorné a zahraničné súvislosti |c Erich Szanto |
| 264 | 1 | |a Bratislava |b SPRINT vfra |c 2001 | |
| 300 | |a 152 s. | ||
| 610 | 2 | 0 | |a situácia hospodárska |
| 610 | 2 | 0 | |a makroekonomika |
| 610 | 2 | 0 | |a produkt národný hrubý |
| 610 | 2 | 0 | |a diplomacia |
| 610 | 2 | 0 | |a spolupráca hospodárska medzinárodná |
| 610 | 2 | 0 | |a ukazovatele ekonomické |
| 610 | 2 | 0 | |a ukazovatele makroekonomické |
| 610 | 2 | 0 | |a prostredie životné |
| 610 | 2 | 0 | |a štát |
| 610 | 2 | 0 | |a Izrael |
| 100 | 1 | |a Szanto, Erich | |
| 710 | 2 | |a Ekonomická univerzita v Bratislave | |